日本の市(近畿地方) - Statistics

General Stats
  • This quiz has been taken 43 times
  • The average score is 90 of 125
Answer Stats
Hint Answer % Correct
大阪府 大阪市 2,752,412
100%
兵庫県 神戸市 1,525,152
97%
京都府 京都市 1,463,723
97%
大阪府 堺市 826,161
97%
兵庫県 姫路市 530,495
97%
大阪府 東大阪市 493,940
97%
和歌山県 和歌山市 356,729
97%
奈良県 奈良市 354,630
97%
滋賀県 大津市 345,070
97%
三重県 四日市市 305,424
97%
三重県 津市 274,537
97%
兵庫県 尼崎市 459,593
93%
大阪府 枚方市 397,289
93%
大阪府 高槻市 352,698
93%
兵庫県 明石市 303,601
93%
兵庫県 西宮市 485,587
90%
大阪府 豊中市 401,558
90%
大阪府 吹田市 385,567
90%
大阪府 茨木市 287,730
90%
大阪府 八尾市 264,642
90%
兵庫県 加古川市 260,878
90%
兵庫県 宝塚市 226,432
90%
兵庫県 伊丹市 198,138
90%
三重県 鈴鹿市 195,670
90%
大阪府 岸和田市 190,658
90%
滋賀県 草津市 143,913
90%
滋賀県 彦根市 113,647
90%
大阪府 寝屋川市 229,733
87%
京都府 宇治市 179,630
87%
三重県 松阪市 159,145
87%
三重県 伊勢市 122,765
87%
大阪府 門真市 119,764
87%
兵庫県 三田市 109,238
83%
大阪府 泉佐野市 100,131
83%
奈良県 天理市 63,889
83%
三重県 志摩市 46,057
83%
滋賀県 米原市 37,225
83%
大阪府 和泉市 184,495
80%
三重県 桑名市 138,613
80%
滋賀県 近江八幡市 81,122
80%
京都府 福知山市 77,306
80%
兵庫県 赤穂市 45,892
80%
奈良県 橿原市 120,922
77%
奈良県 生駒市 116,675
77%
大阪府 池田市 104,993
77%
兵庫県 芦屋市 93,922
77%
京都府 舞鶴市 80,336
77%
兵庫県 豊岡市 77,489
77%
兵庫県 川西市 152,321
73%
大阪府 守口市 143,096
73%
滋賀県 長浜市 113,636
73%
三重県 伊賀市 88,766
73%
大阪府 藤井寺市 63,688
73%
兵庫県 相生市 28,355
73%
三重県 鳥羽市 17,525
73%
大阪府 箕面市 136,868
70%
滋賀県 東近江市 112,819
70%
大阪府 河内長野市 101,692
70%
大阪府 摂津市 87,456
70%
京都府 亀岡市 86,174
70%
奈良県 大和郡山市 83,285
70%
京都府 長岡京市 80,608
70%
兵庫県 三木市 75,294
70%
大阪府 泉南市 60,102
70%
大阪府 四條畷市 55,177
70%
兵庫県 丹波篠山市 39,611
70%
和歌山県 新宮市 27,171
70%
三重県 尾鷲市 16,252
70%
大阪府 松原市 117,641
67%
大阪府 泉大津市 74,412
67%
和歌山県 田辺市 69,870
67%
兵庫県 丹波市 61,471
67%
和歌山県 橋本市 60,818
67%
大阪府 阪南市 51,254
67%
滋賀県 高島市 46,377
67%
和歌山県 御坊市 23,481
67%
大阪府 大東市 119,367
63%
大阪府 富田林市 108,699
63%
大阪府 貝塚市 84,443
63%
大阪府 大阪狭山市 58,435
63%
京都府 向日市 56,859
63%
奈良県 桜井市 54,857
63%
滋賀県 野洲市 50,513
63%
兵庫県 加西市 42,700
63%
兵庫県 加東市 40,645
63%
大阪府 羽曳野市 108,736
60%
滋賀県 甲賀市 88,358
60%
兵庫県 高砂市 87,722
60%
滋賀県 守山市 83,236
60%
大阪府 交野市 75,033
60%
滋賀県 栗東市 68,820
60%
奈良県 大和高田市 61,744
60%
和歌山県 紀の川市 58,816
60%
滋賀県 湖南市 54,460
60%
京都府 京丹後市 50,860
60%
三重県 亀山市 49,835
60%
和歌山県 海南市 48,369
60%
兵庫県 南あわじ市 44,137
60%
兵庫県 西脇市 38,673
60%
京都府 南丹市 31,629
60%
和歌山県 有田市 26,538
60%
京都府 木津川市 77,907
57%
三重県 名張市 76,387
57%
京都府 京田辺市 73,753
57%
大阪府 柏原市 68,775
57%
大阪府 高石市 55,635
57%
兵庫県 小野市 47,562
57%
奈良県 五條市 27,927
57%
三重県 熊野市 15,965
57%
奈良県 香芝市 78,113
53%
兵庫県 たつの市 74,316
53%
兵庫県 淡路市 41,967
53%
京都府 綾部市 31,846
53%
奈良県 宇陀市 28,121
53%
奈良県 御所市 24,096
53%
兵庫県 養父市 22,129
53%
京都府 城陽市 74,607
50%
京都府 八幡市 70,433
50%
兵庫県 洲本市 41,236
50%
兵庫県 宍粟市 34,819
50%
三重県 いなべ市 44,973
47%
京都府 宮津市 16,758
47%
和歌山県 岩出市 53,967
43%
兵庫県 朝来市 28,989
43%
奈良県 葛城市 36,832
37%
No matching quizzes found
Score Distribution
Percent of People with Each Score
Percentile by Number Answered
Your Score History
You have not taken this quiz